Welcome to CU Library Online Public Access Catalogue (OPAC)

Performance accountability and combating corruption / (Record no. 2520)

MARC details
000 -LEADER
fixed length control field 00880cam a2200253 a 4500
001 - CONTROL NUMBER
control field 14666785
005 - DATE AND TIME OF LATEST TRANSACTION
control field 20250114123134.0
008 - FIXED-LENGTH DATA ELEMENTS--GENERAL INFORMATION
fixed length control field 061212s2007 dcua b i001 0 eng
020 ## - INTERNATIONAL STANDARD BOOK NUMBER
International Standard Book Number 9780821369418
020 ## - INTERNATIONAL STANDARD BOOK NUMBER
International Standard Book Number 0821369415
020 ## - INTERNATIONAL STANDARD BOOK NUMBER
International Standard Book Number 9780821369425 (electronic)
020 ## - INTERNATIONAL STANDARD BOOK NUMBER
International Standard Book Number 0821369423 (electronic)
050 00 - LIBRARY OF CONGRESS CALL NUMBER
Classification number JF1525.T67
Item number P43 2007
082 00 - DEWEY DECIMAL CLASSIFICATION NUMBER
Classification number 352.3/4
Edition information 22
245 00 - TITLE STATEMENT
Title Performance accountability and combating corruption /
Statement of responsibility, etc. edited by Anwar Shah.
260 ## - PUBLICATION, DISTRIBUTION, ETC.
Place of publication, distribution, etc. Washington, D.C. :
Name of publisher, distributor, etc. World Bank,
Date of publication, distribution, etc. c2007.
300 ## - PHYSICAL DESCRIPTION
Extent xxvi, 418 p. :
Other physical details ill. ;
Dimensions 23 cm.
440 #0 - SERIES STATEMENT/ADDED ENTRY--TITLE
Title Public sector governance and accountability series
650 #0 - SUBJECT ADDED ENTRY--TOPICAL TERM
Topical term or geographic name entry element Total quality management in government.
650 #0 - SUBJECT ADDED ENTRY--TOPICAL TERM
Topical term or geographic name entry element Political corruption
General subdivision Prevention.
700 1# - ADDED ENTRY--PERSONAL NAME
Personal name Shah, Anwar.
856 41 - ELECTRONIC LOCATION AND ACCESS
Materials specified Table of contents only
Uniform Resource Identifier <a href="http://www.loc.gov/catdir/toc/ecip076/2006101263.html">http://www.loc.gov/catdir/toc/ecip076/2006101263.html</a>
942 ## - ADDED ENTRY ELEMENTS (KOHA)
Source of classification or shelving scheme Library of Congress Classification
Koha item type Books
Suppress in OPAC No
999 ## -
-- 2520
-- 2520
Holdings
Withdrawn status Lost status Source of classification or shelving scheme Damaged status Not for loan Collection Home library Current library Shelving location Date acquired Total checkouts Full call number Barcode Date last seen Copy number Price effective from Koha item type
    Library of Congress Classification     Non-fiction Undergraduate Library (Christ Temple) Undergraduate Library (Christ Temple) General stacks 01/14/2025   JF1525.T67P43 SHA ulct00000791 01/14/2025 1 01/14/2025 Books
© 2023-2024 Copyright: Central University Libraries. All Rights Reserved | Created by: Mahone Tech Office